| 000 | 00735nam a22002177a 4500 | ||
|---|---|---|---|
| 005 | 20251108164913.0 | ||
| 008 | 250721s2000 xx 000 0 ara d | ||
| 082 | 1 | 4 | _a615.75/مبا |
| 100 | 1 |
_aأبو حامد، حسين سليم _eترجمة |
|
| 245 | 1 | 0 | _aمبادىء التشخيص التفريقي باللغتين العربية و الإنجليزية / |
| 264 | 1 |
_aدمشق : _bالمركز التقني المعاصر، _c2000. |
|
| 300 | _a238ص | ||
| 650 | 1 | 7 | _aالتشخيص |
| 650 | 1 | 7 | _aالأمراض |
| 650 | 1 | 7 | _aالعلاج |
| 650 | 1 | 7 | _aالفحوص السريرية |
| 650 | 1 | 7 | _aالفسيولوجيا |
| 700 | 1 |
_aبشير، عبد الله حسن _eترجمة |
|
| 942 |
_2ddc _cBK |
||
| 999 |
_c17089 _d17089 |
||